[Event "GAMMA Reykjavik Open 2019"]
[Site "Reykjavik ISL"]
[Date "2019.04.09"]
[Round "3.14"]
[White "Van Foreest, Jorden"]
[Black "Tomazini, Zan"]
[Result "1-0"]
[WhiteTitle "GM"]
[BlackTitle "IM"]
[WhiteElo "2598"]
[BlackElo "2390"]
[WhiteFideId "1039784"]
[BlackFideId "14608162"]
[EventDate "2019.04.08"]

1. Nf3 g6 2. e4 Bg7 3. d4 d6 4. Nc3 a6 5. Bd3 b5 6. O-O Bb7 7. Re1 Nd7 8. Ne2 c5
9. c3 Ngf6 10. Ng3 O-O 11. a4 c4 12. Bc2 e5 13. Bg5 Qc7 14. h3 Rfe8 15. Qd2 Rad8
16. d5 Ra8 17. Nh2 Nc5 18. f4 exf4 19. Qxf4 Nfd7 20. Ng4 f6 21. Nxf6+ Nxf6 22.
Bxf6 Rf8 23. e5 Qf7 24. Qd4 Bxf6 25. exf6 Qxf6 26. axb5 axb5 27. Rxa8 Bxa8 28.
Qxf6 Rxf6 29. Ne4 Nxe4 30. Bxe4 Rf8 31. Ra1 Kf7 32. Ra6 Ke7 33. Rb6 Rc8 34. Rxb5
Kd7 35. Ra5 Bb7 36. Ra7 Kc7 37. Ra4 Kb6 38. Rb4+ Ka6 39. Kf2 Rc5 40. Ke3 Bxd5
41. Bxd5 Rxd5 42. Rxc4 Kb6 43. Rd4 Re5+ 44. Re4 Rg5 45. g4 Kc6 46. b4 Rb5 47.
Re7 h5 48. Re6 hxg4 49. hxg4 g5 50. Rf6 Re5+ 51. Kd3 Re1 52. Rf5 Rg1 53. Rxg5
Kd7 54. c4 Ke6 55. b5 Rg3+ 56. Kd4 Kf6 57. Rf5+ Ke6 58. Rf4 Rg1 59. Re4+ Kd7 60.
Ke3 Rd1 61. g5 Rg1 62. Kf4 Rd1 63. g6 Rg1 64. Kf5 1-0

[Event "GAMMA Reykjavik Open 2019"]
[Site "Reykjavik ISL"]
[Date "2019.04.09"]
[Round "3.15"]
[White "Low, Zhen Yu Cyrus"]
[Black "Potkin, Vladimir"]
[Result "0-1"]
[WhiteTitle "IM"]
[BlackTitle "GM"]
[WhiteElo "2418"]
[BlackElo "2597"]
[WhiteFideId "5804175"]
[BlackFideId "4131061"]
[EventDate "2019.04.08"]

1. e4 e5 2. Nf3 Nc6 3. Bc4 Bc5 4. O-O Nf6 5. d3 O-O 6. c3 d6 7. Re1 h6 8. h3 a5
9. Bb3 Re8 10. Nbd2 Be6 11. Ba4 Qb8 12. d4 b5 13. dxc5 bxa4 14. cxd6 cxd6 15.
Qxa4 Rc8 16. Nf1 d5 17. exd5 Bxd5 18. N3h2 Ne7 19. Ng4 Nxg4 20. Qxg4 Ra6 21. Ne3
Ba8 22. Nf5 Nxf5 23. Qxf5 Rf6 24. Qd3 Rg6 25. f3 e4 26. fxe4 f5 27. b3 Re8 28.
Qc4+ Kh7 29. Qf1 Rxe4 30. Rd1 Qb6+ 31. Kh2 Qc7+ 32. Kg1 Qc5+ 33. Kh2 Qe5+ 34.
Kg1 Re2 0-1

[Event "GAMMA Reykjavik Open 2019"]
[Site "Reykjavik ISL"]
[Date "2019.04.09"]
[Round "3.16"]
[White "Fier, Alexandr"]
[Black "Ragnarsson, Dagur"]
[Result "1-0"]
[WhiteTitle "GM"]
[BlackTitle "FM"]
[WhiteElo "2570"]
[BlackElo "2380"]
[WhiteFideId "2107139"]
[BlackFideId "2304058"]
[EventDate "2019.04.08"]

1. d4 Nf6 2. c4 g6 3. g3 c6 4. Bg2 d5 5. Qa4 Nfd7 6. cxd5 Nb6 7. Qd1 cxd5 8. Nc3
Bg7 9. e3 O-O 10. Nge2 Nc6 11. O-O e6 12. b3 f6 13. Nf4 Rf7 14. Ba3 a5 15. Bc5
Bf8 16. Nb5 Nb4 17. Qd2 g5 18. Ne2 Nd7 19. Bxf8 Nxf8 20. f4 Qb6 21. Nbc3 h6 22.
fxg5 hxg5 23. e4 dxe4 24. Nxe4 Nd5 25. Nxf6+ Rxf6 26. Qxg5+ Kh8 27. Rxf6 Nh7 28.
Rh6 1-0

[Event "GAMMA Reykjavik Open 2019"]
[Site "Reykjavik ISL"]
[Date "2019.04.09"]
[Round "3.17"]
[White "Bjornsson, Sigurbjorn"]
[Black "Djukic, Nikola"]
[Result "1-0"]
[WhiteTitle "FM"]
[BlackTitle "GM"]
[WhiteElo "2312"]
[BlackElo "2566"]
[WhiteFideId "2300974"]
[BlackFideId "922412"]
[EventDate "2019.04.08"]

1. e4 c5 2. Nf3 d6 3. d4 cxd4 4. Nxd4 Nf6 5. Nc3 g6 6. Be3 Bg7 7. f3 O-O 8. Bc4
Nc6 9. Qd2 Bd7 10. O-O-O Rb8 11. Bb3 Na5 12. h4 b5 13. h5 Nc4 14. Qe1 Nxe3 15.
Qxe3 b4 16. Nce2 Qa5 17. g4 Qc5 18. Kb1 Rfc8 19. hxg6 hxg6 20. Nf4 Qg5 21. Nf5
gxf5 22. gxf5 Ng4 23. Bxf7+ Kxf7 24. Qb3+ Kf8 25. Ng6+ Qxg6 26. fxg6 Ne5 27. Qe3
Be8 28. Rh7 Bxg6 29. Rxg7 Kxg7 30. f4 Nc4 31. Qd4+ e5 32. Qxa7+ Kf8 33. Rh1 Bf7
34. Rh7 Nd2+ 35. Kc1 1-0

[Event "GAMMA Reykjavik Open 2019"]
[Site "Reykjavik ISL"]
[Date "2019.04.09"]
[Round "3.18"]
[White "Bentel, Robin"]
[Black "Stefansson, Hannes"]
[Result "0-1"]
[BlackTitle "GM"]
[WhiteElo "2130"]
[BlackElo "2558"]
[WhiteFideId "12918016"]
[BlackFideId "2300087"]
[EventDate "2019.04.08"]

1. d4 Nf6 2. c4 e6 3. g3 c5 4. d5 exd5 5. cxd5 g6 6. Nc3 Bg7 7. Nf3 O-O 8. Bg2
d6 9. O-O Re8 10. Nd2 a6 11. a4 Nbd7 12. Nc4 Ne5 13. Na3 Nh5 14. h3 f5 15. Be3
Bd7 16. Qb3 Rb8 17. Rfc1 b5 18. axb5 axb5 19. Nd1 Qf6 20. f4 Nc4 21. Bf2 Nxb2
22. Nc3 b4 23. Qxb2 bxc3 24. Qc2 Rb2 25. Qd1 Rd2 0-1

[Event "GAMMA Reykjavik Open 2019"]
[Site "Reykjavik ISL"]
[Date "2019.04.09"]
[Round "3.19"]
[White "Jacobsen, Mikkel Manosri"]
[Black "Loiseau, Quentin"]
[Result "1/2-1/2"]
[WhiteTitle "FM"]
[BlackTitle "IM"]
[WhiteElo "2302"]
[BlackElo "2461"]
[WhiteFideId "1444514"]
[BlackFideId "665274"]
[EventDate "2019.04.08"]

1. d4 d5 2. Bf4 Nf6 3. e3 c5 4. c3 Nc6 5. Nf3 Qb6 6. Qb3 c4 7. Qxb6 axb6 8. Na3
Bf5 9. Nh4 Bd7 10. Nf3 Bf5 11. Nh4 Bd7 12. Nf3 Bf5 13. Nh4 1/2-1/2

[Event "GAMMA Reykjavik Open 2019"]
[Site "Reykjavik ISL"]
[Date "2019.04.09"]
[Round "3.20"]
[White "Thorhallsson, Simon"]
[Black "Gretarsson, Hjorvar Steinn"]
[Result "0-1"]
[BlackTitle "GM"]
[WhiteElo "2171"]
[BlackElo "2571"]
[WhiteFideId "2310090"]
[BlackFideId "2302241"]
[EventDate "2019.04.08"]

1. d4 Nf6 2. c4 e6 3. g3 d5 4. Nf3 Bb4+ 5. Bd2 Be7 6. Bg2 O-O 7. O-O c6 8. Qc2
Nbd7 9. Bf4 a5 10. Rd1 b5 11. cxb5 cxb5 12. Ne5 Ba6 13. Nc6 Rc8 14. Nxe7+ Qxe7
15. Qd2 b4 16. a3 b3 17. Qxa5 Bxe2 18. Re1 Bc4 19. Bd2 Rfd8 20. Bb4 Qe8 21. Nd2
Ra8 22. Qc7 Rdc8 23. Qf4 Nb6 24. Rac1 Qb5 25. Qe3 Na4 26. Nxb3 Nxb2 27. Nc5 h6
28. Rc2 Na4 29. Nxa4 Qxa4 30. Rec1 Nd7 31. h3 Qa6 32. h4 Rc6 33. g4 Rac8 34. g5
hxg5 35. hxg5 Nf8 36. Bxf8 Kxf8 37. g6 fxg6 38. Qg5 Kg8 39. Rc3 Qb6 40. Qxg6
Qxd4 41. Rf3 Rf8 42. Rcc3 Qc5 43. Rxf8+ Qxf8 44. Rh3 Be2 45. Qh7+ Kf7 46. Bf3
Ba6 47. Bh5+ Ke7 48. Rf3 Rc1+ 49. Kh2 Qb8+ 50. Rg3 Qe5 51. Qxg7+ Qxg7 52. Rxg7+
Kd6 53. Ra7 Bb5 54. Bf3 d4 55. a4 Bc4 56. a5 Ra1 57. Ra8 d3 58. Kg3 Bd5 59. Rc8
d2 60. Rc2 Bxf3 61. Rxd2+ Bd5 62. f4 Rxa5 63. Rf2 Ra2 64. Rf1 Rg2+ 65. Kh3 Rg8
66. Re1 Bg2+ 67. Kh2 Bf3 68. Re3 Bd5 69. Re1 Rg4 70. Rf1 Be4 71. Rf2 Bf5 72.
Rd2+ Kc5 0-1

[Event "GAMMA Reykjavik Open 2019"]
[Site "Reykjavik ISL"]
[Date "2019.04.09"]
[Round "3.21"]
[White "Maisuradze, Nino"]
[Black "Kanarek, Marcel"]
[Result "0-1"]
[WhiteTitle "WGM"]
[BlackTitle "GM"]
[WhiteElo "2168"]
[BlackElo "2505"]
[WhiteFideId "13601717"]
[BlackFideId "1126822"]
[EventDate "2019.04.08"]

1. d4 Nf6 2. Nf3 g6 3. g3 Bg7 4. Bg2 O-O 5. O-O d6 6. b3 Nc6 7. Bb2 e5 8. dxe5
Nd7 9. Nbd2 dxe5 10. e4 a5 11. Nc4 a4 12. Qd5 Nb6 13. Qxd8 Rxd8 14. Nxb6 cxb6
15. Rfd1 Rxd1+ 16. Rxd1 Bg4 17. a3 Nd4 18. Rd3 Rc8 19. Nxd4 exd4 20. f3 Rxc2 21.
fxg4 Rxb2 22. bxa4 Bh6 23. h4 Be3+ 24. Kh1 Rb1+ 25. Kh2 f6 26. g5 Kf7 27. e5
fxe5 28. Bxb7 Ke6 29. Be4 Re1 30. Kg2 Bxg5 31. Bb7 Bd8 32. Kf3 Kd6 33. Rb3 Kc5
34. Be4 Kc4 35. Rd3 Be7 36. h5 gxh5 37. Bxh7 Bg5 38. Bg6 Be3 39. Ke4 Bh6+ 40.
Kf3 Be3 41. Ke4 Bf2+ 42. Kf3 Bxg3 0-1

[Event "GAMMA Reykjavik Open 2019"]
[Site "Reykjavik ISL"]
[Date "2019.04.09"]
[Round "3.22"]
[White "Tang, Andrew"]
[Black "Laustsen, Lars"]
[Result "1-0"]
[WhiteTitle "GM"]
[WhiteElo "2501"]
[BlackElo "2155"]
[WhiteFideId "2059630"]
[BlackFideId "1407554"]
[EventDate "2019.04.08"]

1. d4 d5 2. Bf4 Nf6 3. e3 c5 4. Nc3 cxd4 5. exd4 a6 6. Nf3 Nc6 7. Ne5 e6 8. Nxc6
bxc6 9. Na4 Bd6 10. Bxd6 Qxd6 11. Bd3 O-O 12. O-O a5 13. Re1 Ba6 14. a3 Bxd3 15.
Qxd3 Nd7 16. Qc3 Rfb8 17. Rad1 Nb6 18. Nc5 Nc4 19. Nd3 a4 20. h4 Rb7 21. Re2
Rab8 22. Nb4 Rc8 23. h5 h6 24. Rd3 c5 25. dxc5 Rxc5 26. Rg3 d4 27. Qf3 Rb8 28.
Rg4 Rd8 29. Qf6 Rg5 30. Rxg5 hxg5 31. Qxg5 f6 32. Qg4 Ne5 33. Qe4 Qb6 34. h6
gxh6 35. Nd3 Nf7 36. Qg6+ Kf8 37. Qxf6 1-0

[Event "GAMMA Reykjavik Open 2019"]
[Site "Reykjavik ISL"]
[Date "2019.04.09"]
[Round "3.23"]
[White "Kreckovic, Milos"]
[Black "Kevlishvili, Robby"]
[Result "0-1"]
[BlackTitle "IM"]
[WhiteElo "2168"]
[BlackElo "2451"]
[WhiteFideId "918709"]
[BlackFideId "1040634"]
[EventDate "2019.04.08"]

1. d4 d5 2. c4 c6 3. Nc3 Nf6 4. cxd5 cxd5 5. Bf4 Nc6 6. e3 a6 7. Bd3 Bg4 8. f3
Bh5 9. Nh3 e6 10. O-O Bd6 11. Rc1 Bg6 12. Bxd6 Bxd3 13. Qxd3 Qxd6 14. Nf4 O-O
15. Nce2 Rac8 16. a3 Na5 17. e4 Qb6 18. e5 Nd7 19. Kh1 Qxb2 0-1

[Event "GAMMA Reykjavik Open 2019"]
[Site "Reykjavik ISL"]
[Date "2019.04.09"]
[Round "3.24"]
[White "Giacomini, Hector"]
[Black "Korley, Kassa"]
[Result "0-1"]
[BlackTitle "IM"]
[WhiteElo "2167"]
[BlackElo "2440"]
[WhiteFideId "605352"]
[BlackFideId "2033801"]
[EventDate "2019.04.08"]

1. Nf3 d5 2. e3 Nf6 3. d4 e6 4. Bd3 b6 5. O-O Bb7 6. b3 Be7 7. Bb2 O-O 8. Nbd2
c5 9. c4 Nc6 10. Rc1 cxd4 11. exd4 Qb8 12. Qe2 Qf4 13. Qe3 Qxe3 14. fxe3 dxc4
15. bxc4 Rac8 16. h3 Rc7 17. a3 Ba6 18. Rc2 Rfc8 19. Rfc1 Na5 20. Kf2 Ne8 21.
Ke2 f6 22. e4 Nd6 23. c5 Bxd3+ 24. Kxd3 bxc5 25. dxc5 Ndb7 26. c6 Rxc6 27. Rxc6
Nxc6 28. Nb3 Kf7 29. g4 Nbd8 30. Nbd4 e5 31. Nxc6 Nxc6 32. Rc4 Ke6 33. h4 Kd7
34. h5 Rb8 35. Kc2 Nd8 36. Nh4 Ne6 37. Nf5 Bf8 38. Ne3 Nf4 39. Bc1 g6 40. hxg6
hxg6 41. Bb2 Bd6 42. Ra4 Bc5 43. Nc4 Ne6 44. Ra6 Bb6 45. Nxb6+ axb6 46. Ra7+ Kd6
47. Bc3 Rh8 48. Bb4+ Kc6 49. Rf7 Nd4+ 50. Kd1 Kb5 51. Rxf6 Kc4 52. Ke1 b5 53.
Bd6 Rh2 54. Bxe5 Nc2+ 55. Kd1 Ne3+ 56. Kc1 Rc2+ 57. Kb1 Rg2 58. Rf3 Re2 59. Bb2
Re1+ 60. Ka2 Re2 61. Kb1 Nd1 62. Ba1 Rxe4 63. g5 Re1 64. Ka2 Re2+ 65. Kb1 Ne3
66. Bb2 Nd5 67. Bf6 Rg2 68. Kc1 Kc5 69. Kb1 Kc6 70. Kc1 Kb6 71. Bd8+ Kc6 72. Bf6
Nb6 73. Rc3+ Kd5 74. Rd3+ Kc5 75. Kb1 Nc4 76. Be7+ Kc6 77. Bf6 Re2 78. Rc3 Kd5
79. Kc1 Ne3 80. Kb1 Nc4 81. Kc1 Nd6 82. Rd3+ Ke6 83. Rb3 Re4 84. Kc2 Rf4 85. Rc3
Ne4 86. Rc6+ Kd7 87. Rb6 Rf5 88. Kb3 Kc7 89. Bd4 Rd5 90. Bg1 Rxg5 91. Bd4 Rd5
92. Bg1 Nd6 93. Ra6 Rd2 94. Kb4 g5 95. Be3 Rd5 96. Bc5 Ne4 97. Be3 Kd7 98. Rb6
Nd6 99. Bc5 Kc7 100. Rxd6 Rxd6 101. Bxd6+ Kxd6 102. Kxb5 g4 0-1

[Event "GAMMA Reykjavik Open 2019"]
[Site "Reykjavik ISL"]
[Date "2019.04.09"]
[Round "3.25"]
[White "Abrahams, Daniel"]
[Black "Astaneh Lopez, Alex"]
[Result "0-1"]
[BlackTitle "IM"]
[WhiteElo "2143"]
[BlackElo "2427"]
[WhiteFideId "2606879"]
[BlackFideId "2501430"]
[EventDate "2019.04.08"]

1. c4 c6 2. d4 d5 3. g3 dxc4 4. Nf3 g6 5. Bg2 Bg7 6. O-O Bg4 7. e3 Nd7 8. Qc2
Nb6 9. a4 a5 10. Na3 Nf6 11. Nxc4 Nxc4 12. Qxc4 Qd5 13. Qxd5 Nxd5 14. Bd2 O-O
15. Rfc1 Rfc8 16. Ra3 b6 17. Rb3 Rab8 18. e4 Nc7 19. Rxc6 Bxf3 20. Bxf3 Bxd4 21.
Bg4 Ne6 22. Rxe6 fxe6 23. Bxe6+ Kf8 24. Bxc8 Rxc8 25. Bc3 Bxc3 26. Rxc3 Rxc3 27.
bxc3 b5 0-1

[Event "GAMMA Reykjavik Open 2019"]
[Site "Reykjavik ISL"]
[Date "2019.04.09"]
[Round "3.26"]
[White "Briem, Stephan"]
[Black "Yoo, Christopher Woojin"]
[Result "0-1"]
[BlackTitle "IM"]
[WhiteElo "2138"]
[BlackElo "2414"]
[WhiteFideId "2312506"]
[BlackFideId "30909694"]
[EventDate "2019.04.08"]

1. d4 Nf6 2. c4 g6 3. Nc3 d5 4. cxd5 Nxd5 5. Bd2 Bg7 6. e4 Nxc3 7. Bxc3 O-O 8.
Nf3 Bg4 9. Be2 Nc6 10. d5 Bxc3+ 11. bxc3 Bxf3 12. Bxf3 Ne5 13. Be2 c6 14. O-O
cxd5 15. exd5 Nd7 16. Qd4 Qb6 17. Rfd1 Rfc8 18. Rab1 Qxd4 19. Rxd4 Nc5 20. f4
Rd8 21. Kf2 Rd6 22. Ke3 e6 23. Bf3 Re8 24. dxe6 Rexe6+ 25. Kd2 b6 26. g3 Rd7 27.
Re1 Rxe1 28. Kxe1 Rc7 29. Kd2 b5 30. Bd5 a5 31. Bf3 Na4 32. Rd3 Kf8 33. Bd5 Nb6
34. Rd4 b4 35. c4 a4 36. Re4 b3 37. axb3 axb3 38. Re3 Rxc4 39. Be4 Na4 40. Bb1
b2 41. Rb3 Rd4+ 42. Ke3 Rd1 43. Bc2 Re1+ 44. Kd4 Rc1 45. Bd3 Rc6 46. Rb4 Rd6+
47. Ke3 Nc3 48. Rb8+ Kg7 49. Bc2 Nd5+ 50. Ke2 Nb6 51. Rb7 Nc4 52. Bd3 Rb6 53.
Rxb6 Nxb6 54. Kd2 Nd5 55. Bb1 f5 56. h3 Nf6 57. Kc3 Nh5 58. g4 fxg4 59. hxg4
Nxf4 60. Kxb2 Kf6 61. Kc3 Kg5 62. Kd2 Kxg4 63. Ke1 Kg3 64. Kf1 h5 65. Kg1 h4 66.
Kh1 g5 67. Be4 Nh3 68. Bg2 Nf2+ 69. Kg1 h3 70. Bxh3 Nxh3+ 71. Kh1 Kf2 0-1

[Event "GAMMA Reykjavik Open 2019"]
[Site "Reykjavik ISL"]
[Date "2019.04.09"]
[Round "3.27"]
[White "Eggleston, David J"]
[Black "Marttala, Thomas"]
[Result "1-0"]
[WhiteTitle "IM"]
[WhiteElo "2401"]
[BlackElo "2131"]
[WhiteFideId "412120"]
[BlackFideId "1701118"]
[EventDate "2019.04.08"]

1. e4 c5 2. Nf3 Nc6 3. d4 cxd4 4. Nxd4 Nf6 5. Nc3 e6 6. Ndb5 Bb4 7. a3 Bxc3+ 8.
Nxc3 d5 9. exd5 exd5 10. Bd3 O-O 11. O-O h6 12. Bf4 d4 13. Nb5 Nd5 14. Bg3 Qf6
15. Nd6 Nf4 16. Qd2 Qxd6 17. Bxf4 Qf6 18. Rfe1 Bf5 19. Bg3 Qg6 20. Rad1 Rfe8 21.
h3 Bxd3 22. Rxe8+ Rxe8 23. cxd3 Qe6 24. Kf1 Qb3 25. Rc1 Qe6 26. Rc4 a5 27. Rc1
f6 28. b4 axb4 29. axb4 Qb3 30. Bd6 Re6 31. Bc5 Ne5 32. Re1 Kf7 33. Rd1 Ra6 34.
Bxd4 Ra2 35. Qc1 Nxd3 36. Qc7+ Ke6 37. Qc8+ Kf7 38. Qxb7+ Kg8 39. Qc8+ Kf7 40.
Qd7+ Kf8 41. Qg4 Qc2 42. Qf3 Nxb4 43. Bxf6 Qc4+ 44. Kg1 1-0

[Event "GAMMA Reykjavik Open 2019"]
[Site "Reykjavik ISL"]
[Date "2019.04.09"]
[Round "3.28"]
[White "Siddharth, Jagadeesh"]
[Black "Thorfinnsson, Bjorn"]
[Result "1/2-1/2"]
[BlackTitle "IM"]
[WhiteElo "2132"]
[BlackElo "2399"]
[WhiteFideId "5818320"]
[BlackFideId "2300982"]
[EventDate "2019.04.08"]

1. Nf3 Nf6 2. c4 b6 3. g3 Bb7 4. Bg2 c5 5. O-O g6 6. b3 Bg7 7. Bb2 O-O 8. Nc3 d5
9. Nxd5 Nxd5 10. Bxg7 Kxg7 11. cxd5 Qxd5 12. d4 Na6 13. dxc5 Nxc5 14. Qxd5 Bxd5
15. Rfd1 Rfd8 16. Rac1 a5 17. Ne5 Bxg2 18. Kxg2 Kf6 19. Rxd8 Rxd8 20. Nc4 Nb7
21. Nxb6 Rd2 22. e3 Rxa2 23. Nd5+ Ke6 24. Nf4+ Kd6 25. Rd1+ Kc6 26. Rc1+ Kd6 27.
Rd1+ Kc6 28. Rc1+ Kd6 1/2-1/2

[Event "GAMMA Reykjavik Open 2019"]
[Site "Reykjavik ISL"]
[Date "2019.04.09"]
[Round "3.29"]
[White "Tania, Sachdev"]
[Black "Maroroa, Sue"]
[Result "1-0"]
[WhiteTitle "IM"]
[BlackTitle "WIM"]
[WhiteElo "2397"]
[BlackElo "2128"]
[WhiteFideId "5007844"]
[BlackFideId "4301498"]
[EventDate "2019.04.08"]

1. d4 Nf6 2. c4 g6 3. Nc3 Bg7 4. e4 d6 5. f3 O-O 6. Nge2 c5 7. d5 e6 8. Ng3 exd5
9. cxd5 Nh5 10. Nxh5 gxh5 11. Be2 f5 12. O-O f4 13. g3 Bh3 14. Rf2 Bd4 15. Bxf4
Rxf4 16. gxf4 Kh8 17. Qe1 Nd7 18. Nb5 Bxb2 19. Bf1 Bxf1 20. Rxb2 Bxb5 21. Qc3+
Qf6 22. Qxf6+ Nxf6 23. Rxb5 b6 24. a4 Nd7 25. Kf2 Kg7 26. a5 a6 27. axb6 1-0

[Event "GAMMA Reykjavik Open 2019"]
[Site "Reykjavik ISL"]
[Date "2019.04.09"]
[Round "3.30"]
[White "Van de Plassche, Bas"]
[Black "Munshi, Aditya"]
[Result "1/2-1/2"]
[WhiteTitle "FM"]
[WhiteElo "2376"]
[BlackElo "2113"]
[WhiteFideId "1001965"]
[BlackFideId "436720"]
[EventDate "2019.04.08"]

1. d4 Nf6 2. c4 e6 3. Nc3 Bb4 4. e3 O-O 5. Bd3 d5 6. cxd5 exd5 7. Ne2 Re8 8. Bd2
c5 9. a3 Bxc3 10. Bxc3 c4 11. Bc2 Nc6 12. O-O Ne4 13. b3 cxb3 14. Bxb3 Bf5 15.
Be1 Rc8 16. Nf4 Nf6 17. Rc1 Qd6 18. Bc3 Qxa3 19. Nxd5 Nxd5 20. Bxd5 Ne7 21. Qb3
Qxb3 22. Bxb3 Bd3 23. Rfe1 Bc4 24. Bc2 Ba6 25. Bb2 Nd5 26. Bf5 Rc4 27. Rxc4 Bxc4
28. Ra1 a6 29. g3 g6 30. Bh3 f5 31. Bg2 Rd8 32. Ra3 Kf7 33. f3 Rd6 34. e4 Rb6
35. Ba1 Rb1+ 36. Kf2 Nb4 37. Bc3 Nd3+ 38. Ke3 Ne1 39. Kf2 Nc2 40. Ra4 Bb5 41.
Ra2 Nb4 1/2-1/2

[Event "GAMMA Reykjavik Open 2019"]
[Site "Reykjavik ISL"]
[Date "2019.04.09"]
[Round "3.32"]
[White "Borocz, Istvan1"]
[Black "Vidic, Teja"]
[Result "1-0"]
[WhiteTitle "IM"]
[BlackTitle "WFM"]
[WhiteElo "2350"]
[BlackElo "2102"]
[WhiteFideId "703036"]
[BlackFideId "14605511"]
[EventDate "2019.04.08"]

1. d4 Nf6 2. c4 e6 3. Nf3 d5 4. g3 dxc4 5. Bg2 a6 6. a4 Nc6 7. O-O Bd7 8. Nc3
Bd6 9. Bf4 Qe7 10. Ne5 Rb8 11. Nxc4 Bxf4 12. gxf4 Qb4 13. Qd3 O-O 14. e3 Rfd8
15. Qe2 Be8 16. Rfc1 Nd5 17. f5 Nxd4 18. exd4 Nf4 19. Qf1 Nxg2 20. Na2 Qxa4 21.
Qxg2 Rxd4 22. f6 g6 23. Ne5 Rf4 24. Qg5 Rf5 25. Qg3 Qb5 26. Re1 Qxb2 27. Nc3 Kh8
28. Rab1 Qd2 29. Ne4 Qa5 30. f4 b5 31. Ng5 Rxf6 32. Qh4 Qb6+ 33. Kg2 h5 34.
Ngxf7+ Rxf7 35. Nxf7+ Bxf7 36. Qf6+ Kg8 37. Rbd1 c5 38. Kg3 Qc6 39. Re5 c4 40.
f5 Rf8 41. fxg6 Be8 42. Qxe6+ Qxe6 43. Rxe6 b4 44. Rxa6 b3 45. Rb6 c3 46. Rc1 c2
47. Rxb3 Bxg6 48. Rc3 Rd8 49. Ra1 Kf8 50. Kf4 Kg7 51. Ra7+ Kh6 52. Rac7 Rd2 53.
h3 Rh2 54. R7c6 Rg2 55. Rg3 Rxg3 56. Kxg3 Kg5 57. h4+ Kf5 58. Rxc2 Kf6 59. Rc6+
Kf5 60. Rc5+ Kf6 61. Kf4 Be8 62. Rg5 Bf7 63. Ra5 Be6 64. Ra6 Kf7 65. Ra7+ Kg6
66. Ke5 Bg4 67. Ra6+ Kf7 68. Rf6+ Kg7 69. Rf4 Bd1 70. Rb4 Kf7 71. Kf5 Bg4+ 72.
Kg5 Ke7 73. Rb6 Kf7 74. Rf6+ Ke7 75. Rf1 Ke6 76. Kg6 Ke7 77. Rf6 1-0

[Event "GAMMA Reykjavik Open 2019"]
[Site "Reykjavik ISL"]
[Date "2019.04.09"]
[Round "3.34"]
[White "Halldorsson, Bragi"]
[Black "Stefansson, Vignir Vatnar"]
[Result "0-1"]
[BlackTitle "FM"]
[WhiteElo "2112"]
[BlackElo "2293"]
[WhiteFideId "2300907"]
[BlackFideId "2308649"]
[EventDate "2019.04.08"]

1. d4 f5 2. g3 Nf6 3. Bg2 g6 4. c4 Bg7 5. Nd2 O-O 6. b3 c5 7. Bb2 cxd4 8. Bxd4
Nc6 9. Bc3 Qb6 10. e3 e5 11. Ne2 Rd8 12. Qc1 d5 13. cxd5 Nxd5 14. Nc4 Qc7 15.
O-O Nxc3 16. Nxc3 e4 17. a3 Rd3 18. Nb5 Qd8 19. Rb1 a6 20. Nd4 Nxd4 21. exd4
Bxd4 22. Rd1 Rxd1+ 23. Qxd1 Be6 24. Qe2 b5 25. Ne3 Qb6 26. g4 Rd8 27. gxf5 gxf5
28. Nf1 Kh8 29. Qd2 Rg8 30. Rd1 Be5 31. Qh6 Qc6 32. Rc1 Qd6 33. Qh5 f4 34. Kh1
Bg4 35. Qh4 Bf6 36. Qh6 Rg6 0-1

[Event "GAMMA Reykjavik Open 2019"]
[Site "Reykjavik ISL"]
[Date "2019.04.09"]
[Round "3.36"]
[White "Obrien, Matthew"]
[Black "Ciolek, Andreas"]
[Result "1-0"]
[BlackTitle "FM"]
[WhiteElo "2110"]
[BlackElo "2284"]
[WhiteFideId "2059150"]
[BlackFideId "12906727"]
[EventDate "2019.04.08"]

1. e4 c6 2. Nc3 d5 3. Nf3 Nf6 4. e5 Ne4 5. d4 Nxc3 6. bxc3 c5 7. Bd3 c4 8. Be2
e6 9. O-O Be7 10. Ne1 Qa5 11. Bd2 Nc6 12. a3 Bd7 13. g3 O-O-O 14. Ng2 f6 15.
exf6 gxf6 16. Bf3 Bd6 17. Re1 e5 18. Ne3 Ne7 19. Qe2 e4 20. Bh5 f5 21. f3 Ng6
22. fxe4 fxe4 23. Rf1 Kb8 24. Rf6 Bc7 25. Raf1 Bh3 26. Ra1 Rhg8 27. Qf2 Bc8 28.
Kh1 Qa4 29. Rf7 Be6 30. Rxh7 Rdf8 31. Qe2 Qb5 32. Rh6 Bf7 33. Rf1 Rh8 34. Rxh8
Nxh8 35. Qg4 Qe8 36. Qg7 Bd6 37. Bxf7 Nxf7 38. a4 a5 39. Kg1 Qe6 40. Rf6 Qd7 41.
Nxd5 Ka7 42. Ne3 Be5 43. Qxf8 Bxf6 44. Nxc4 b6 45. Be3 Bg5 46. Bxg5 Nxg5 47. Qd6
Qb7 48. d5 Qf7 49. Qxb6+ Ka8 50. Qxa5+ Kb8 51. Qd8+ Ka7 52. Qxg5 1-0

[Event "GAMMA Reykjavik Open 2019"]
[Site "Reykjavik ISL"]
[Date "2019.04.09"]
[Round "3.37"]
[White "Ortega Ruiz, Jose Miguel"]
[Black "Nilssen, Ellen Fredericia"]
[Result "1-0"]
[WhiteTitle "FM"]
[BlackTitle "WFM"]
[WhiteElo "2281"]
[BlackElo "2048"]
[WhiteFideId "2209713"]
[BlackFideId "1441230"]
[EventDate "2019.04.08"]

1. d4 Nf6 2. c4 g6 3. Nc3 d5 4. Bf4 Bg7 5. e3 c5 6. dxc5 Qa5 7. cxd5 Nxd5 8.
Qxd5 Bxc3+ 9. bxc3 Qxc3+ 10. Ke2 Qxa1 11. Be5 Qb1 12. Bxh8 Be6 13. Qd3 Qxa2+ 14.
Kf3 f6 15. Bg7 Nc6 16. Kg3 Rd8 17. Qe4 Rd2 18. Be2 Bd5 19. Qg4 Be6 20. Qe4 Bd5
21. Qg4 Be6 22. Qf4 g5 23. Qe4 Bd5 24. Qxh7 Bg8 25. Qh5+ Kd7 26. h4 Bf7 27. Qh8
Qa1 28. Bg4+ e6 29. Nf3 Qxh1 30. Nxd2 f5 31. Bf3 gxh4+ 32. Qxh4 Qc1 33. Bxc6+
Kxc6 34. Qa4+ Kc7 35. Be5+ Kc8 36. Qa5 1-0

[Event "GAMMA Reykjavik Open 2019"]
[Site "Reykjavik ISL"]
[Date "2019.04.09"]
[Round "3.40"]
[White "Visser, Henk-Jan"]
[Black "Haraldsson, Haraldur"]
[Result "1/2-1/2"]
[WhiteElo "2269"]
[BlackElo "2027"]
[WhiteFideId "1010204"]
[BlackFideId "2311100"]
[EventDate "2019.04.08"]

1. e4 c5 2. Nf3 d6 3. d4 cxd4 4. Nxd4 Nf6 5. Nc3 a6 6. Be3 e5 7. Nb3 Be6 8. f3
Be7 9. Qd2 Nbd7 10. O-O-O h5 11. h3 b5 12. Kb1 Qc7 13. Bd3 Nb6 14. Bxb6 Qxb6 15.
Nd5 Bxd5 16. exd5 a5 17. a3 h4 18. f4 Nd7 19. Bf5 Bf6 20. Bxd7+ Kxd7 21. fxe5
Bxe5 22. Rhf1 Bf6 23. Rf5 Rh6 24. Re1 a4 25. Nd4 Re8 26. Nc6 Rhh8 27. Rff1 Rxe1+
28. Qxe1 Re8 29. Qb4 Kc7 30. Qg4 Qc5 31. Rd1 Qe3 32. Qh5 Rf8 33. Rc1 Qe4 34. Rg1
Qe3 35. Qd1 Re8 36. Ka2 Qe2 37. Kb1 Qxd1+ 38. Rxd1 Re2 39. Rg1 Rd2 40. Nb4 Be5
41. Nd3 Bg3 42. Kc1 Re2 43. Kd1 Re4 44. Rf1 f6 45. Rf5 Kd7 46. c3 Re8 47. Kd2
Ke7 48. Rf3 Kf7 49. Re3 Rc8 50. Re4 Rc4 51. Ke3 f5 52. Rxc4 bxc4 53. Nb4 Be5 54.
Nc6 g5 55. Na5 Bf4+ 56. Ke2 g4 57. Nxc4 Kf6 58. Kd3 Bc1 59. Kc2 Bf4 60. Kd1 Bg3
61. Kc2 f4 62. hxg4 f3 63. gxf3 h3 64. Nd2 Ke5 65. Nf1 Bf4 66. c4 Kd4 67. b3
axb3+ 68. Kxb3 Kd3 69. g5 Bxg5 70. Ng3 Ke3 71. c5 dxc5 72. a4 Bd8 73. Kc4 Kxf3
74. Nf1 Kf2 75. Nh2 Kg3 76. Nf1+ Kf2 77. Nh2 Kg3 1/2-1/2